An outline of the law of property, (Record no. 1589)

MARC details
000 -LEADER
fixed length control field 01000cam a22003371 4500
001 - CONTROL NUMBER
control field data
005 - DATE AND TIME OF LATEST TRANSACTION
control field 20260322212107.0
008 - FIXED-LENGTH DATA ELEMENTS--GENERAL INFORMATION
fixed length control field data
035 ## - SYSTEM CONTROL NUMBER
System control number 6827513
010 ## - LIBRARY OF CONGRESS CONTROL NUMBER
LC control number 12037884
035 ## - SYSTEM CONTROL NUMBER
-- (DLC) 12037884
035 ## - SYSTEM CONTROL NUMBER
System control number (OCoLC)7371292
040 ## - CATALOGING SOURCE
Original cataloging agency DLC
Transcribing agency FMU-L
Modifying agency DLC
042 ## - AUTHENTICATION CODE
Authentication code premarc
050 00 - LIBRARY OF CONGRESS CALL NUMBER
Classification number KD810
Item number .R35 1890
100 1# - MAIN ENTRY--PERSONAL NAME
Personal name Raleigh, Thomas,
Titles and words associated with a name Sir,
Dates associated with a name 1850-1920.
245 03 - TITLE STATEMENT
Title An outline of the law of property,
Statement of responsibility, etc. by Thomas Raleigh.
260 ## - PUBLICATION, DISTRIBUTION, ETC.
Place of publication, distribution, etc. Oxford,
Name of publisher, distributor, etc. Clarendon Press,
Date of publication, distribution, etc. 1890.
300 ## - PHYSICAL DESCRIPTION
Extent 147 p.
Dimensions 22 cm.
336 ## - CONTENT TYPE
Content type term text
Content type code txt
Source rdacontent
337 ## - MEDIA TYPE
Media type term unmediated
Media type code n
Source rdamedia
338 ## - CARRIER TYPE
Carrier type term volume
Carrier type code nc
Source rdacarrier
650 #0 - SUBJECT ADDED ENTRY--TOPICAL TERM
Topical term or geographic name entry element Property.
650 #0 - SUBJECT ADDED ENTRY--TOPICAL TERM
Topical term or geographic name entry element Real property.
650 #0 - SUBJECT ADDED ENTRY--TOPICAL TERM
Topical term or geographic name entry element Personal property.
906 ## - LOCAL DATA ELEMENT F, LDF (RLIN)
a 7
b cbc
c oclcrpl
d u
e ncip
f 19
g y-gencatlg
985 ## -
-- OCLC REPLACEMENT cdsdistr
991 ## -
-- c-LL
-- LAW <A & E Treatises Rale>
-- Copy 1
-- OCLCREP
Holdings
Withdrawn status Lost status Damaged status Not for loan Home library Current library Shelving location Date acquired Total checkouts Full call number Barcode Date last seen Price effective from Koha item type
        Liberty Liberty General stacks 22/03/2026   KD810 LOC-LPL-00052 22/03/2026 22/03/2026 Books